| 000 | 00537nam a2200205Ia 4500 | ||
|---|---|---|---|
| 003 | OSt | ||
| 005 | 20260521161940.0 | ||
| 008 | 210210b1984 xxu||||| |||| 00| 0 eng d | ||
| 040 | _cAL | ||
| 041 | _aKonkani | ||
| 082 | _a891.468 GOMF | ||
| 100 |
_aGOMES (Olivinho). _9264243 |
||
| 245 | _aFhransishak Luyij Gomish. | ||
| 260 |
_aGoy. _bKonkani Saraspat Prakashan., _c1984 |
||
| 300 | _a74 | ||
| 650 |
_aFrancisco Luís Gomes (1829–1869) _9264245 |
||
| 690 |
_aKonkani Miscellaneous _9264244 |
||
| 906 | _a050073 | ||
| 942 |
_2ddc _cBK |
||
| 999 |
_c98694 _d98694 |
||